Statistiken für Top 15 Länder mit Covid-19-Todesfällen - 3. Juni 2021

Klicken Sie hier um das Quiz zu spielen!

Allgemein

  • Dieses Quiz wurde 12 mal gespielt
  • Das Durchschnittsergebnis liegt bei 17 aus 24

Antwortstatistiken

Totale
Todesfälle
Land% Korrekt
469 784Brasilien
100%
89 605Deutschland
100%
109 857Frankreich
100%
340 719Indien
100%
228 146Mexiko
100%
122 660Russland
100%
80 099Spanien
100%
127 812Vereinigtes Königreich
100%
611 573Vereinigte Staaten
100%
79 873Argentinien
82%
126 342Italien
82%
74 075Polen
82%
90 353Kolumbien
73%
184 942Peru
64%
Tschechien
64%
80 658Iran
55%
Belgien
45%
Kroatien
45%
Slowakei
45%
Slowenien
45%
Ungarn
45%
Bosnien und Herzegowina
36%
Bulgarien
27%
Nordmazedonien
18%

Verteilung der Resultate

Perzentil nach korrekt beantworteten Fragen

Anzahl Personen mit jedem Resultat

Ihre Resultats-Entwicklung

Sie haben dieses Quiz noch nicht gespielt